Hamilton : What comes next lyrics - Statistics

General Stats
  • This quiz has been taken 34 times
  • The average score is 90 of 125
Answer Stats
Answer % Correct
I
96%
Come
92%
Next?
92%
That
92%
The
92%
What
92%
You
92%
A
88%
Is
88%
To
88%
Are
83%
Comes
83%
Do
83%
It
83%
Not
83%
Of
83%
Say
83%
They
83%
We
83%
When
83%
An
79%
Have
79%
Know
79%
Me
79%
My
79%
On
79%
War
79%
Your
79%
Back
75%
Crawling
75%
Don’t
75%
Empires
75%
Fall
75%
Hard
75%
How
75%
I’m
75%
Im
75%
Now
75%
Now?
75%
Oceans
75%
Pay
75%
Price
75%
Rise
75%
So
75%
Willing
75%
You’re
75%
Clue
71%
Happens
71%
Hate
71%
Own
71%
People
71%
And
67%
Awesome
67%
Lead?
67%
Were
67%
Wow
67%
All
63%
Arrangement
63%
France
63%
French
63%
It’s
63%
Made
63%
With
63%
You’ve
63%
Alone
58%
Been
58%
Blue
58%
Fighting
58%
For
58%
Freed
58%
Mine
58%
Much
58%
Subdue
58%
Across
54%
Away
54%
Harder
54%
Sea
54%
Spain
54%
Went
54%
Got
50%
Insane
50%
I’ve
50%
Small
50%
Thought
50%
Cheat
46%
Call
42%
Despite
42%
Our
42%
Query
42%
Estrangement
33%
Even
33%
Well
21%
No matching quizzes found
Score Distribution
Percent of People with Each Score
Percentile by Number Answered
Your Score History
You have not taken this quiz